000 01291namaa2200325 i 4500
003 EG-GICUC
005 20260108122141.0
008 260104s2011 ua |||jr|||| 000 0 ara d
017 _a2011 / 10819
_bدار الكتب والوثائق القومية (مصر)
020 _a9789774277016
040 _aEG-GiCUC
_bara
_cEG-GiCUC
_dEG-GiCUC
_erda
043 _af-ua---
082 0 4 _221
_a962.08
_bY29
092 0 4 _221
_a962.08
_bY29
099 _a962.08 Y29
100 1 _aيسين، السيد
_eمؤلف.
245 1 _aثورة 25 يناير بين التحول الديموقراطى والثورة الشاملة /
_cالسيد يسين.
250 _aالطبعة الاولى
264 _aالقاهرة(مصر) :
_bالدار المصرية اللبنانية،
_c2011.
300 _a447 صفحة ؛
_c23 سم
336 _2rdacontent
_atext
337 _2rdamedia
_aUnmediated
338 _2rdacarrier
_avolume
504 _aيشتمل على ارجاعات ببليوجرافية.
541 _aد. جابر عصفور ؛
_bالقاهرة ؛
_cإهداء ؛
_d2024.
651 1 7 _2qrmak
_aمصر
_xتاريخ
_xالاحتجاجات 2011
651 1 7 _2qrmak
_aمصر
_xتاريخ
_xثورة 25 يناير 2011
_yالعصر الحديث
905 _aAya
942 _2ddc
_cBK
_e21
_n0
999 _c177377
_d177377